| 000 | 00844nam0a2200277 4500 | ||
|---|---|---|---|
| 001 | RU\NLR\bibl\572870 | ||
| 005 | 20250610133438.0 | ||
| 010 |
_a5-699-07033-8 _97000 |
||
| 021 |
_aRU _b2004-58338 _92870 |
||
| 035 | _a(NLR Aleph) 000564923 | ||
| 090 |
_a1555955 _c1555955 |
||
| 100 | _a20041111d2004 |||y0rusy50 ca | ||
| 101 | 0 | _arus | |
| 102 | _aRU | ||
| 105 | _ay ||||||||| | ||
| 200 | 1 |
_a300 анекдотов про "чайников" и юзеров _f[Атасов С.] |
|
| 210 |
_aМ. _cЭксмо _d2004 |
||
| 215 |
_a158, [1] с. _d14 |
||
| 532 | 0 | 1 |
_aТриста анекдотов про "чайников" и юзеров _zrus |
| 686 | _aШ3(2=1Р)72-670 | ||
| 702 | 1 |
_aАтасов _bС. _gСтас _4220 |
|
| 801 | 0 |
_aRU _bNLR _c20041111 _gPSBO |
|
| 801 | 1 |
_aRU _bNLR _c20041111 |
|
| 942 | _cBOOK | ||
| 980 | _aNB | ||